000 00541nam a2200181Ia 4500
008 090123s9999 xx 000 0 und d
082 _b25311
_a891.463/खरे
100 _aखरे नंदा
245 _aअंताजीची बखर
250 _a0
260 _bग्रंथाली प्रकाशन
300 _a187
600 _aखरे नंदा
630 _aअंताजीची बखर
700 _aखरे नंदा
730 _aअंताजीची बखर
942 _cBOOK
999 _c63382
_d63382